000 00724nam a22002177a 4500
010 _a581804
020 _a9789339205577
_c750.00
035 _a581804
037 _bMc Graw Hill Education
082 _a530
100 _aBellani, Kaushik
245 _aComprehensive Physics:
_bJEE Advanced
_cKaushik Bellani
260 _aNew Delhi:
_bMc Graw Hill,
_c2014.
270 _aP-24, Green Park Extension
_bNew Delhi
_e110016
300 _a500p.
_b22cm
490 _aMc Graw Hill Education Series
500 _aCompetitive Exam Book
700 _aPrakash, K.N
942 _2ddc
_cEN
_h.530
_mCOM
999 _c151470
_d151470